Half-real : video games between real rules and fictional worlds

Αποθηκεύτηκε σε:
Λεπτομέρειες βιβλιογραφικής εγγραφής
Κύριος συγγραφέας: Juul, Jesper 1970-
Μορφή: Βιβλίο
Γλώσσα:English
Δημοσίευση: Cambridge, Mass. : MIT Press, c2005
Θέματα:
Ετικέτες: Προσθήκη ετικέτας
Δεν υπάρχουν, Καταχωρήστε ετικέτα πρώτοι!

MARC

LEADER 00000nam a2200000 i 4500
001 1/32658
008 060721s2005 eng d
020 |a 0-262-10110-6 
035 |l 10084735 
040 |a GR-MY-UA  |b gre  |e aacr 
041 0 |a eng 
082 0 |a 794.8  |2 (22) 
100 1 |a Juul, Jesper  |d 1970- 
245 1 0 |a Half-real :  |b video games between real rules and fictional worlds /  |c Jesper Juul 
260 |a Cambridge, Mass. :   |b MIT Press,   |c c2005 
300 |a ix, 233 σ.;  |b εικ.;  |c 24 εκ. 
504 |a Περιλαμβάνει βιβλιογραφικές παραπομπές (σ. [211]-225) και ευρετήριο. 
650 0 0 |a Video games  |x Rules. 
650 0 0 |a Video games  |x Psychological aspects. 
852 |a INST  |b SYROS  |e 20060721  |h 794.8 JUU  |p 005500004771  |q 005500004771  |t BK  |y 0 
901 |a BIBL5-2006-2 
909 |a Ε  |b 117597 
920 |a ΑΝΑΜΟΡΦΩΣΗ  |b ΕΠΕΑΕΚ ΙΙ-ΤΜΣΠΣ  |y ΣΥΡΟΣ  |z 2006-06 
970 |a ΚΟΝΤΟΥ  |b ΠΑΡΑΣΚΕΥΗ  |z 2006/07/21